Normal view MARC view
  • Crews Donald

Entry Personal Name

Number of records used in: 2

001 - CONTROL NUMBER

  • control field: 7417

003 - CONTROL NUMBER IDENTIFIER

  • control field: OSt

005 - DATE AND TIME OF LATEST TRANSACTION

  • control field: 20200113095325.0

008 - FIXED-LENGTH DATA ELEMENTS

  • fixed length control field: 200113|| aca||aabn | a|a d

040 ## - CATALOGING SOURCE

  • Original cataloging agency: OSt
  • Transcribing agency: OSt

100 ## - HEADING--PERSONAL NAME

  • Personal name: Crews Donald

670 ## - SOURCE DATA FOUND

  • Source citation: Work cat.: (OSt): Crews Donald, Ten Black Dots, 1968

Powered by Koha